000 00379nam a22001457a 4500
003 OSt
005 20211223103430.0
008 211223b |||||||| |||| 00| 0 eng d
040 _cHU
082 _a004.621
100 _aMaassen Jason
_924569
245 _aMethod Invocation Based Communication Models for Parallel Programming in Java
300 _f188
942 _2ddc
_cBOOKS
_n0
999 _c23674
_d23674